03256nam a2200397 a 4500001001000000003000900010005001700019008004100036020001500077020001800092035002100110040002500131049002000156082001000176245022100186260003400407270013300441300004100574500005400615505152100669534009502190650004502285650004802330650004702378650004402425650005102469650003702520700002902557700003802586700003302624700003202657910003902689942001402728952010102742999001502843000007693DO-SdBNP20251210123059.0090907s2006 sp a 001 0 spa d a8449428238 a9788449428234 a(OCoLC)436000645 aDO-SdBNPbspacBNPHU aBNGRc1[001880] 4bA881u00aAtlas universal de filosofía :bmanual didáctico de autores, textos, escuelas y conceptos filosóficos /cdirección Carlos Gispert ; edición Anna Biosca ...[et al.] ; traducción Marco Barberi ... [et al.]. aBarcelona :bOcéano,c2006. aEditora OcéanoaMilanesat, 21-23 edificio OcéanobBarcelonadEspañae08017k34-932-802-020l34-932-041-073mwww.oceano.com avii, 1035 p. :bil, retrs. ;c27 cm. aIncluye índice general, de autores y términos2 aPresentación -- Sumario -- Conceptos filosóficos básicos -- Grecia -- Presocráticos -- Sócrates -- Platón -- Aristóteles -- Helenismo -- Edad imperial -- Edad media -- Neoplatonismo -- Renacimiento -- Revolución científica -- Racionalismo clásico -- Empírismo -- Siglo de las luces -- Kantismo -- Idealismo -- Posthegelianismo -- Antipositivismo -- La voz del irracionalismo -- Epistemología -- Ciencias naturales -- Ciencias humanas -- Psicoanálisis -- Psicología -- Estética -- Antología de textos -- Milesios: tales, anaximandro, anaxímenes -- Heráclito -- Pitágoras -- Parménides y Zenón -- Demócrito -- Sofistas: protágoras y Gorgias -- Sócrates -- Platón -- Aristóteles -- Cínicos y escépticos: Diógenes y Pirrón -- Epicuro -- Estoicos: Zenón, Séneca, Marco Aurelio -- Plotino -- San Agustín -- Teólogos mediavales: Dioniso y San Anselmo -- Santo Tomás de Aquino -- Erasmo -- Lutero -- Cusa -- Neoplatónicos: Ficino y Pico Della Mirandola -- Bruno -- Magos y naturalistas: Paracelso, Agrippa, Telesio -- Campanella -- Maquiavelo -- Moro -- Galileo -- Bacon -- Descartes -- Hobbe -- Pascal -- Spinoza -- Leibniz -- Locke -- Berkeley -- Hume -- Voltaire -- Rousseau -- Condillac -- Kant -- Fichte -- Schelling -- Hegel -- Feuerbach -- Schopenhauer -- Kierkegaard -- Comte -- Marx -- Nietzsche -- Freud -- Bergson -- El pragmatismo: Peirce y James -- Croce -- Husserl -- Sugerencias de consulta -- Índice de términos -- Índice general. pTítulos originales en italiano:tAtlante ilustrado di filosofia. Antologia di filosofia. 4aFilosofía antigua921323vDiccionarios 4aFilosofíaxTeoríasvDICCIONARIOS921324 4aFilosofíaxHistoriavDICCIONARIOS921325 0aFilosofía moderna98156vDiccionarios 4aFilosofía de la cienciavDiccionarios921327 4aFilósofosvBiografías92132812aBiosca, Annaeed.92132912aMurugarren, Plácidoeed.92133012aTomás, Javier,eed.92133112aBarberi, Marco,etr.921332 aValidado. Control de calidad BNPHU 2ddccLBS1 001052708MOaRbRcCTd2009-09-10iLF1l0oR101 A881up7693-10r2020-06-25w2020-06-25y2Z02 c7472d7472